00492 a2200157 45000010006000000050017000060080041000230030015000640400040000790800073001192450051001922640036002433000018002790410008002971000029003052972020260407155607.0260407a1967 arg spa dAR-UNSa-BCEJYS aAR-UNSa-BCEJYSbspacAR-UNSa-BCEJYS a657.3xPresupuestos. Cierre de Cuentas. Balances (Estados Contables)10aAnálisis del balance en la empresa argentina 1aBuenos Aires :bPROINVERTc1967 a97 p.c23 cm. aspa1 aSenderovich, Isaac Aizik